[Event "US Open-113"]
[Site "Vancouver"]
[Date "2012.08.10"]
[Round "7"]
[White "Sinanan, Joshua C"]
[Black "Warrier, Vishnu"]
[Result "1-0"]
[WhiteElo "2227"]
[BlackElo "1979"]
[PlyCount "67"]
[EventDate "2012.08.04"]
[EventType "swiss"]
[EventRounds "9"]
[EventCountry "USA"]
[SourceTitle "CBM 149 Extra"]
[Source "ChessBase"]
[SourceDate "2012.08.24"]
[SourceVersion "1"]
[SourceVersionDate "2012.08.24"]
[SourceQuality "1"]

1. d4 g6 2. c4 Bg7 3. Nf3 c5 4. d5 f5 5. g3 b5 6. Nbd2 Nf6 7. a4 b4 8. Bg2 d6 9. 0-0 Na6 10. Re1 0-0 11. Qb3 Nc7 12. e4 f4 13. e5 dxe5 14. Nxe5 fxg3 15. hxg3 Qd6 16. Qe3 Bf5 17. Nb3 Rac8 18. Nc6 e6 19. Qxc5 Qd7 20. Ne7+ Kh8 21. Nxc8 Rxc8 22. Qxa7 exd5 23. c5 Bh3 24. Bf4 g5 25. c6 Qf5 26. Nd4 Qg6 27. Bxc7 Bxg2 28. Kxg2 Ne4 29. Rad1 Rf8 30. f3 g4 31. fxe4 Qh6 32. Nf5 Qh3+ 33. Kg1 dxe4 34. Rd8 1-0